Zbogom Serbian song lyrics - Statistics

General Stats
  • This quiz has been taken 18 times
  • The average score is 27 of 68
Answer Stats
Answer % Correct
Zbogom
100%
Zbogom
100%
Zbogom
100%
Zbogom
100%
Zbogom
100%
Ne
78%
Da
67%
Da
67%
I
67%
I
67%
I
67%
I
67%
I
67%
Su
67%
Na
56%
Na
56%
Na
56%
Na
56%
Bože
44%
Hriste
44%
Je
44%
Kad
44%
Kosovo
44%
Leti
44%
Mi
44%
Raspeti
44%
Se
44%
Sveti
44%
Drina
33%
Joj
33%
Kroz
33%
Morava
33%
Nebeskih
33%
Oblake
33%
Ravno
33%
Srpska
33%
Visina
33%
Vratimo
33%
Za
33%
Zemlja
33%
Čula
22%
Draga
22%
Jeseni
22%
Kalpak
22%
Krila
22%
Leto
22%
Majko
22%
Mesto
22%
Nerođeni
22%
Nevesto
22%
Odlazim
22%
Odlazimo
22%
Odlazimo
22%
Odlazimo
22%
Preko
22%
Prvi
22%
Ruzmarine
22%
Sestro
22%
Sine
22%
Suđeno
22%
Tri
22%
Tri
22%
Zadenula
22%
Zimo
22%
Ruže
11%
Sastavno
11%
Sveto
11%
Neven
0%
No matching quizzes found
Score Distribution
Percent of People with Each Score
Percentile by Number Answered
Your Score History
You have not taken this quiz